| Registos Bibliográficos associados ao registo de autoridade |
|
Etiqueta de registo: 00841cam 02200265 04500 001 1849193 003 http://id.bnportugal.gov.pt/bib/catbnp/1849193 010 ## $a978-989-98330-4-3 021 ## $aPT$b359964/13 100 ## $a20130910d2013 m y0pory0103 ba 101 0# $apor$aeng 102 ## $aPT 105 ## $aa z 000yy 106 ## $ar 200 1# $aBorboletas dos Parques de Gaia$dParks of Gaia butterflies and moths$fJorge Gomes$zeng 210 #9 $aGaia$cÁguas e Parque Biológico,$d2013 215 ## $a173, [2] p. a 2 colns.$cil.$d17 x 23 cm 320 ## $aBibliografia, p. 173 510 1# $aParks of Gaia butterflies and moths$zeng 675 ## $a595.78(469.121)(035)$vBN$zpor$31545187 675 ## $a502.17(469.121)$vBN$zpor$31264937 700 #1 $aGomes,$bJorge$336333 712 01 $aVila Nova de Gaia.$bCâmara Municipal.$bParque Biológico de Gaia$4340$31051803 801 #0 $aPT$bBN$gRPC 856 41 $uhttp://rnod.bnportugal.gov.pt/ImagesBN/winlibimg.aspx?skey=&doc=1849193&img=31141&save=true 900 ## $aBIBNAC$d20131028 966 ## $lBN$mFGMON$sS.A. 55187 P.$x1 966 ## $lBN$mFGMON$sS.A. 55187 P.-D $x1
Etiqueta de registo: 00230nam 2200025 450 001 1364243 003 http://id.bnportugal.gov.pt/bib/catbnp/1364243 100 ## $a20060214d2004 k y0pory0103 ba 101 0# $apor $deng 102 ## $aPT 105 ## $aa m 001yy 106 ## $ar 200 1# $aMedir a inteligência da emoção$bTexto policopiado]$e uma operação empírica da inteligência emocional$fFernanda de Fátima de Matos Sobral Mendes Barata$gorient. Jorge Gomes 210 #9 $a[Lisboa$cs. n.],$d2004 215 ## $a137, [51] f.$cil.$d30 cm 320 ## $aBibliografia, f. 133-137 328 #0 $bTese mestr.$cComportamento Organizacional$eInstituto Superior de Psicologia Aplicada$d2004 606 ## $aInteligência emocional$xAvaliação$xQuestionários$x[Teses]$2SIPOR$31254397 675 ## $a303.62(043)$vBN$zpor$31244413 675 ## $a159.9.072(043)$vBN$zpor$31247900 675 ## $a159.955(043)$vBN$zpor$3650377 675 ## $a159.942(043)$vBN$zpor$3810712 700 #1 $aBarata,$bFátima de Matos Sobral Mendes$31230193 702 #1 $aGomes,$bJorge$4727$336333 712 02 $aInstituto Superior de Psicologia Aplicada$4295$312147 801 #0 $aPT$bBN$gRPC 966 ## $lBN$mFGMON$sS.C. 105243 V.$x1
Etiqueta de registo: 00659ckm 02200205 04500 001 198952 003 http://id.bnportugal.gov.pt/bib/catbnp/198952 005 20020903172900.0 095 ## $aPTBN00206503 100 ## $a19880801d1986 am y0pora0103 ba 101 0# $apor 102 ## $aPT 200 1# $aVidago$bVisual gráfico]$evista parcial$eplaca indicativa de Vilas Boas e Per. de Selão$fedição e foto de Jorge Gomes 210 #9 $a[S.l.]$cJorge Gomes,$d1986 215 ## $a1 postal$ccolor.$d11x15 cm 304 ## $a1º compl. de tít. em francês e inglês 675 ## $a908(469.202Vidago)"198"(084.0)$vBN$zpor$3396832 702 #1 $aGomes,$bJorge$4600$336333 801 #0 $aPT$bBN$gRPC 966 ## $lBN$mICONOG$sP.I. 26227 P. 997 ## $aBIBEOD 998 ## $aBN8821 - 00318
Etiqueta de registo: 00593ckc 02200193 04500 001 198953 003 http://id.bnportugal.gov.pt/bib/catbnp/198953 005 19981130041300.0 095 ## $aPTBN00206504 100 ## $a19880801d1988 am y0pora0103 ba 101 0# $apor 102 ## $aPT 200 1# $aVilas Boas, Chaves$bVisual gráfico]$fedição e foto de Jorge Gomes 210 #9 $a[S.l.]$cJorge Gomes,$d1988$eLx$gCondegráfica) 215 ## $a5 postais$ccolor.$d11x15 cm 327 1# $a1: Igreja paroquial, 1982 (P.I. 26232 P.)$a3 [i.e. 2]: Altar de N.S. da Conceição, Igreja (P.I. 26231 P.)$a3: Anjinhos, Festa de S. Bárbara, 1987 (P.I. 26230 P.)$a4: Posto dos correios, Taberna de Júlio Gomes, 1976 (P.I. 26229 P.)$aMinas de quartzo e feldspato, 1976 (P.I. 26288 P.) 675 ## $a622.3(469.202)(084.0)$vBN$zpor$3396833 702 #1 $aGomes,$bJorge$4600$336333 801 #0 $aPT$bBN$gRPC 966 ## $lBN$mICONOG$sP.I. 26228 P. 966 ## $lBN$mICONOG$sP.I. 26231 P. 966 ## $lBN$mICONOG$sP.I. 26229 P. 966 ## $lBN$mICONOG$sP.I. 26230 P. 966 ## $lBN$mICONOG$sP.I. 26232 P. 998 ## $aBN8821 - 00319
Etiqueta de registo: 00762cam 02200253 04500 001 194924 003 http://id.bnportugal.gov.pt/bib/catbnp/194924 005 19981129194700.0 021 ## $aPT$b26467/89 095 ## $aPTBN00202263 100 ## $a19891026d1988 m y0pora0103 ba 101 0# $apor 102 ## $aPT 105 ## $aa z 001yy 106 ## $ar 200 1# $aVilas Boas (Chaves)$emais de 200 anos da sua história$fJorge Manuel Pereira Gomes 210 #9 $aLisboa$cJ.M.P. Gomes,$d1988$eLisboa :$gCondegráfica) 215 ## $a141 p., [44] p. il.$cil.$d1989 607 ## $2SIPOR$39412 675 ## $a908(469.202)$vBN$zpor$3889994 700 #1 $aGomes,$bJorge$336333 801 #0 $aPT$bBN$gRPC 966 ## $c2$lBN$mFGMON$sH.G. 38937 V.$x1 966 ## $c2$lBN$mFGMON$sH.G. 38937 V.$x1 997 ## $aBIBEOD
Etiqueta de registo: 00627c 02200205 04500 001 67395 003 http://id.bnportugal.gov.pt/bib/catbnp/67395 005 19981117165700.0 095 ## $aPTBN00069766 100 ## $a19821205d1982 km y0pora0103 ba 101 0# $apor 102 ## $aPT 200 1# $aQuistos aéreos no pulmão$econsiderações a propósito de dois casos clínicos$fJorge Gomes... [et al.] 210 #9 $a[S.l.$cs.n.,$dD.L. 1982]$ePorto :$gTip. Costa Carregal) 215 ## $a27 p.$cil.$d23 cm 305 ## $aSep. Jornal do médico, 107 675 ## $a616$vmed$zpor$3288080 701 #1 $aGomes,$bJorge$4070$336333 801 #0 $aPT$bBN$gRPC 966 ## $lBN$mFGMON$sS.A. 57439 V.$x1 997 ## $aBIBEOD 998 ## $aFSE86 - 00123
Etiqueta de registo: 00254nam 2200025 450 001 2260806 003 http://id.bnportugal.gov.pt/bib/catbnp/2260806 010 ## $a978-989-35983-4-4 021 ## $aPT$b555071/25 100 ## $a20260204d2025 m d0pory01030103ba 101 0# $apor 102 ## $aPT 105 ## $aa z 000yy 106 ## $ar 200 1# $aLoulé, 12 anos a criar e a desenvolver, balanço autárquico$ftextos Rita Pina$gfot. José Encarnação, Bruno Martins, Jorge Gomes 205 ## $a1ª ed 210 #9 $aLoulé$cCâmara Municipal de Loulé,$d2025 215 ## $a140, [1] p.$cil.$d24 cm 606 ## $aAutarquias locais$xAdministração$yDistrito de Faro (Portugal)$z2013-2025$2SIPOR$31985309 675 ## $a352.07(469.601)"2013/2025"$vBN$zpor$31985307 700 #1 $aPina,$bRita$31441624 702 #1 $aEncarnação,$bJosé,$f1944-$4600$343576 702 #1 $93$aMartins,$bBruno$4600$31889936 702 #1 $aGomes,$bJorge$4600$336333 801 #0 $aPT$bBN$gRPC 856 41 $uhttp://rnod.bnportugal.gov.pt/ImagesBN/winlibimg.aspx?skey=&doc=2260806&img=219072&save=true 900 ## $aBIBNAC$d20260302 966 ## $lBN$mFGMON$sS.C. 168497 V.$x1 966 ## $lBN$mFGMON$sS.C. 168497 V.-D$x1 971 ## $cabrito$d20260204 972 ## $e0$z0$d20260302$vasantos 973 ## $ctrodrigues$d20260212 974 ## $e0$d20260212$vrsimoes
|
|
|